Sports Quiz

Random Sports or Basketball Quiz

NBA 2010-11 Top 200 Scorers Quiz Stats

 Plays Quiz not verified by Sporcle

Challenge
Share
Tweet
Embed
Score 0/200 Timer 20:00
0 Plays Today
Team(s) Player % Correct
MIALeBron James
99.4%
OKCKevin Durant
99.3%
LALKobe Bryant
99.1%
CHIDerrick Rose
98.7%
DEN/NYKCarmelo Anthony
98.7%
MIADwyane Wade
98.5%
NOHDavid West
96.5%
ORLDwight Howard
96.4%
OKCRussell Westbrook
96.3%
DALDirk Nowitzki
95.7%
LACBlake Griffin
95.5%
LALPau Gasol
95.5%
BOSPaul Pierce
95.4%
MEMMarc Gasol
95.4%
NYKAmar'e Stoudemire
95.1%
MIAChris Bosh
95.1%
UTA/NJNDeron Williams
94%
CLE/LACMo Williams
93.9%
PHILouis Williams
93.8%
ATLMarvin Williams
93.8%
GSWReggie Williams
93.7%
GSWMonta Ellis
93%
BOSRay Allen
92.7%
GSWStephen Curry
92.6%
MEMTony Allen
92.5%
SASTony Parker
92.5%
CLEAnthony Parker
92.4%
BOSKevin Garnett
91.5%
MINKevin Love
91.5%
PORLaMarcus Aldridge
91.1%
SASTim Duncan
90.8%
SASManu Ginobili
90%
INDDanny Granger
89.8%
ATLJoe Johnson
89.6%
TORAmir Johnson
89.5%
MINWesley Johnson
89.4%
MEMZach Randolph
89.3%
NOHChris Paul
89%
NJNBrook Lopez
89%
ATLJosh Smith
88.9%
DENJ.R. Smith
88.9%
CHICarlos Boozer
87.2%
UTAAl Jefferson
86.6%
SASRichard Jefferson
86.6%
PHOSteve Nash
86.4%
HOUKevin Martin
86.3%
CHILuol Deng
85.8%
MEMRudy Gay
84.9%
ORL/PHOVince Carter
84.2%
LAC/CLEBaron Davis
83%
BOSGlen Davis
82.9%
WASJohn Wall
82.9%
BOSRajon Rondo
82.8%
CHA/PORGerald Wallace
81.9%
DALJason Kidd
81.8%
OKC/BOSJeff Green
81%
NOHWillie Green
80.9%
PHIAndre Iguodala
80.4%
GSWDavid Lee
80.4%
HOUCourtney Lee
80.3%
NYK/DENWilson Chandler
79.4%
DALTyson Chandler
79.4%
DEN/NYKChauncey Billups
79.1%
DALJason Terry
78.9%
PORBrandon Roy
78.8%
TOR/NOHJarrett Jack
78.4%
CHIJoakim Noah
77.6%
Team(s) Player % Correct
PORAndre Miller
77.2%
LACEric Gordon
77.1%
DETBen Gordon
77.1%
LALLamar Odom
77%
CHAStephen Jackson
76.9%
TORDeMar DeRozan
76.4%
PHOGrant Hill
76.4%
SASGeorge Hill
76.4%
PHO/ORLJason Richardson
76.1%
SACTyreke Evans
76%
TORAndrea Bargnani
75.9%
MILBrandon Jennings
75.5%
MILAndrew Bogut
75.5%
ATLAl Horford
75.3%
NJN/UTADevin Harris
74.9%
CLEAntawn Jamison
74.4%
UTAPaul Millsap
73.9%
PHIElton Brand
73.5%
ORLJameer Nelson
73.5%
DALShawn Marion
73.4%
OKCJames Harden
72.7%
NYK/DENRaymond Felton
72.5%
LALAndrew Bynum
72.4%
MEMMike Conley
72%
SACDeMarcus Cousins
70.9%
DETRichard Hamilton
70.6%
HOULuis Scola
70%
MEMO.J. Mayo
69.5%
NYK/DENDanilo Gallinari
69%
INDRoy Hibbert
67.9%
WAS/ORLGilbert Arenas
67.7%
LALRon Artest
67.3%
WASNick Young
67.2%
PHIThaddeus Young
67.2%
MEMSam Young
67.1%
DENNene
66.3%
ORL/WASRashard Lewis
66.2%
MINMichael Beasley
66.1%
LALDerek Fisher
66%
ATLJamal Crawford
65.9%
ATL/WAS/MIAMike Bibby
65.4%
DETTayshaun Prince
64.9%
PHO/ORLHedo Turkoglu
63.5%
INDDarren Collison
63%
UTAAndrei Kirilenko
62.9%
HOU/PHOAaron Brooks
62.4%
DETTracy McGrady
61.9%
DETRodney Stuckey
61.4%
NOHEmeka Okafor
61.4%
TORJose Calderon
60.7%
WAS/ATLKirk Hinrich
60.4%
PHIJrue Holiday
60.3%
HOUKyle Lowry
59.7%
OKCSerge Ibaka
59.7%
PORWesley Matthews
59.3%
DENTy Lawson
59%
ORL/PHOMarcin Gortat
58%
LALShannon Brown
57.5%
ORLRyan Anderson
56.9%
CHIKyle Korver
55.8%
GSWDorell Wright
54.4%
PORNicolas Batum
52.4%
CLEDaniel Gibson
51.9%
CHITaj Gibson
51.9%
CHAD.J. Augustin
51.8%
WASJaVale McGee
51.7%
CLEJ.J. Hickson
51.6%
Team(s) Player % Correct
HOU/MEMShane Battier
50.4%
SACJason Thompson
50.3%
MILJohn Salmons
50.1%
MIN/DALCorey Brewer
49.9%
NOHTrevor Ariza
49.4%
WASAndray Blatche
48.8%
PHOChanning Frye
48.7%
LACDeAndre Jordan
48.6%
NOH/SACMarcus Thornton
48.5%
CHABoris Diaw
46.7%
INDTyler Hansbrough
46.4%
MILCorey Maggette
45.8%
SACSamuel Dalembert
45.8%
SAC/NOHCarl Landry
44.6%
DETGreg Monroe
44.4%
DALJ.J. Barea
43.3%
INDMike Dunleavy
42.9%
TORLeandro Barbosa
42.8%
ORLJ.J. Redick
42.7%
NYKLandry Fields
42.5%
NJNKris Humphries
42.4%
ORLBrandon Bass
41.5%
NJN/UTADerrick Favors
41.2%
UTARaja Bell
41.1%
SASDeJuan Blair
41.1%
SACBeno Udrih
40.9%
PHIEvan Turner
40.1%
PHISpencer Hawes
40%
DETCharlie Villanueva
39.8%
DENAl Harrington
38.8%
UTAC.J. Miles
38.3%
MINLuke Ridnour
38%
NJNJordan Farmar
37.6%
DENArron Afflalo
37.2%
PHOJared Dudley
37.2%
LAL/NJNSasha Vujacic
36.8%
CLERamon Sessions
36.3%
PORRudy Fernandez
34.9%
NYKToney Douglas
34.2%
SASGary Neal
32.9%
LACEric Bledsoe
31.5%
CHAGerald Henderson
30.3%
OKC/BOSNenad Krstic
30.1%
NJNAnthony Morrow
29.7%
HOUChuck Hayes
29.5%
LACRandy Foye
29.5%
NOHMarco Belinelli
29%
MINDarko Milicic
28.1%
SACOmri Casspi
27.8%
MILCarlos Delfino
27.5%
MILErsan Ilyasova
27.5%
NJNTravis Outlaw
27.1%
HOUChase Budinger
25.9%
CHA/OKCNazr Mohammed
25.2%
INDJosh McRoberts
25.1%
MEMDarrell Arthur
23.9%
PHIJodie Meeks
23.7%
NOH/TORJerryd Bayless
23.6%
INDBrandon Rush
22.7%
MILLuc Mbah a Moute
22.5%
PHOHakim Warrick
21.8%
SACFrancisco Garcia
18.6%
LACRyan Gomes
16.5%
DETAustin Daye
15.9%
TORSonny Weems
12.9%
MILKeyon Dooling
12.8%

You're not logged in!

Compare scores with friends on all Sporcle quizzes.
Join for Free
OR
Log In

You Might Also Like...

Show Comments

Extras

Top Quizzes Today


Score Distribution

Your Account Isn't Verified!

In order to create a playlist on Sporcle, you need to verify the email address you used during registration. Go to your Sporcle Settings to finish the process.

Report this User

Report this user for behavior that violates our Community Guidelines.

Details: